000 01450nam1a22002771 4500
001 rc\3211288
005 20130115140209.9
035 _a(NLR Aleph) 007359098
090 _a6288983
_c6288983
100 _a20130115g1976 |||y0rusy50 ca
101 0 _arus
102 _aRU
105 _a j |||||
200 1 _aУчебник инструментовки для духового оркестра
_e[Для курсантов воен.-дирижерского фак.
_fГл. ред. к. иск., доц. Калинкович Г.М.]
_gВоен.-дирижерский фак. при Моск. гос. консерватории им. П.И. Чайковского. Кафедра инструментовки и чтения партитур для воен. оркестра. Ч. 1-
210 _aМосква
_cВоен.-оркестровая служба М-ва обороны СССР
_d1976-
215 _d22
300 _aНа обороте тит. л. авт.: кандидаты искусствоведения, доценты Браславский Д.А., Горчаков С.П., Зудин Н.А. [и др.]
701 1 _aБраславский
_bД. А.
_gДаниил Абрамович
701 1 _aГорчаков
_bС. П.
701 1 _aЗудин
_bН. А.
702 1 _aКалинкович
_bГ. М.
_4340
801 0 _aRU
_bNLR
_gpsbo
801 1 _aRU
_bELAR
_2rusmarc
852 _aNLR
_j77-5/1948
942 _cBOOK
980 _aNB